| 000 | 00367nam a2200169Ia 4500 | ||
|---|---|---|---|
| 100 | _aSchiller/ Jochen | ||
| 650 | _aMobile communications | ||
| 250 | _a2 | ||
| 942 | _cBK | ||
| 366 | _f25 | ||
| 654 | _amobile | ||
| 245 | _aMobile communications | ||
| 260 |
_bPearson Eduation _c2009 |
||
| 082 |
_a621.382 _bSCH |
||
| 300 | _a492 | ||
| 546 |
_aENGLISH _cComputers |
||
| 999 |
_c18724 _d18724 |
||